Statistics for Nicki Minaj LYRICS

Click here to take the quiz!

General Stats

  • This quiz has been taken 312 times
  • The average score is 6 of 15

Answer Stats

Hint Answer % Correct
Let's go to the beach, each, let's go get awayStarships
90%
sigh, sickenin eyes, I can tell that you in touch with your feminine sideSuper Bass
81%
Look bubbles, go back to you habitat, MJ calling and I ain't havin thatStupid H**
56%
Just met a boy just met a boy when, he could become my little problemVa Va Voom
52%
Rip it off no joking, like yo name Hulk HoganBeez In The Trap ft. 2 Chainz
52%
clap for the heavyweight champ, me, but I couldn't do it all alone, weMoment 4 Life ft. Drake
50%
You out of work, I know it's tough, but enough is enoughRoman's Revenge ft. Eminem
37%
I only wanna do it for the night, so hit me now and knock this overPound The Alarm
33%
oh you make it make it right, my temperature is supa highTurn Me On ft. Nicki Minaj
32%
I don't even brake when I backin' up, I swerve on the ***** if he actin upThe Boys ft. Nicki Minaj
31%
Let me shake it off, I just signed a couple deals I might break you offDid It On Em'
29%
I travel more then you walking with a basketball, I'm out in Spain running game with the matadorHOV Lane
23%
And I just saw a ghost yeah I'm callin it casperCome On A Cone
22%
Before the storm comes to calm, hope you can take the Heat like LeBronBlazin ft. Kanye West
19%
Its so amazing, this girl is heatedCheck It Out
12%

Score Distribution

Percentile by Number Answered

Percent of People with Each Score

Your Score History

You have not taken this quiz